• 首页
  • 本馆介绍
  • 公告通知
  • 最新文献
  • 馆藏检索
  • 电子资源
  • 读者导购
  • 参考咨询
  • 我的图书馆
  • 登录
  • 详细信息显示
  • 放入我的书架
  • 预约/预借图书
  • 作者相关作品
  • 分类相关作品
  • 丛书相关作品
  • 出版社相关作品

书目信息

  • 表格格式
  • 工作单格式
  • 卡片格式
题名:
中级会计实务通关题库
    
 
作者: 会计专业技术资格考试辅导用书编审委员会组编
分册:  
出版信息: 北京   经济科学出版社  2014
页数: 492页
开本: 26cm
丛书名: 2014年全国会计专业技术资格考试辅导系列丛书
单 册:
中图分类: F233-44
科图分类:
主题词: 会计实务--资格考试--题库
电子资源:
ISBN: 978-7-5141-4565-6
000 00915nam0 2200241 450
001 338671
005 20150603151957.42
010    @a978-7-5141-4565-6@dCNY38.00
100    @a20140710d2014 em y0chiy50 ea
101 0  @achi
102    @aCN@b110000
105    @ay q 000yy
106    @ar
200 1  @a中级会计实务通关题库@Azhong ji kuai ji shi wu tong guan ti ku@f会计专业技术资格考试辅导用书编审委员会组编
210    @a北京@c经济科学出版社@d2014
215    @a492页@d26cm
225 1  @a2014年全国会计专业技术资格考试辅导系列丛书@e经科版
330    @a本书包括存货、固定资产、投资性房地产、长期股权投资、无形资产、非货币性资产交换、资产减值、股份支付、长期负债及借款费用、债务重组、政府补助、外币折算、财务报告等内容。
410  0 @12001 @a2014年全国会计专业技术资格考试辅导系列丛书
606 0  @a会计实务@x资格考试@j题库
690    @aF233-44@v5
801  0 @aCN@b卓展宏图@c20150525
905    @dF233-44@e492@f4
    
    中级会计实务通关题库/会计专业技术资格考试辅导用书编审委员会组编.-北京:经济科学出版社,2014
    492页;26cm.-(2014年全国会计专业技术资格考试辅导系列丛书:经科版)
    
    
    ISBN 978-7-5141-4565-6:CNY38.00
    本书包括存货、固定资产、投资性房地产、长期股权投资、无形资产、非货币性资产交换、资产减值、股份支付、长期负债及借款费用、债务重组、政府补助、外币折算、财务报告等内容。
●
相关链接 在E读中查询图书 在五车中查询图书 在当当中查询图书 在豆瓣中查询图书


正题名:中级会计实务通关题库     索取号:F233-44/492         预约/预借

序号 登录号 条形码 馆藏地/架位号 状态 备注
1 860059   208600593   第一样本阅览室/ [索取号:F233-44/492] 在馆    
2 860060   208600600   密集书库-海洋学院/ [索取号:F233-44/492] 在馆    
3 860061   208600619   第一借阅区/ [索取号:F233-44/492] 在馆    
4 860062   208600628   第一借阅区/ [索取号:F233-44/492] 在馆    
唐山师范学院图书馆 欢迎您!
大连网信软件有限公司© 版权所有